| 000 | 00644cam a22002172 4500 | ||
|---|---|---|---|
| 001 | 0000003900 | ||
| 005 | 20151217145743.0 | ||
| 008 | 070516s xx 000 0 eng d | ||
| 020 |
_a0198503350 : _cKES 1,649 |
||
| 040 |
_aKABU _cKABU |
||
| 050 | 0 |
_aQD95 _b.D83 |
|
| 100 | 1 |
_aDuckett, Simon. _@0000154134 |
|
| 245 | 1 | 0 |
_aFoundations of spectroscopy / _cSimon Duckett, Bruce Gilbert. |
| 260 |
_aOxford : _bOUP, _c2000. |
||
| 300 | _a90 p. | ||
| 650 | 0 |
_aSpectrum analysis (Analytical chemistry) _@0000154135 |
|
| 700 | 1 |
_aGilbert, Bruce. _@0000154136 |
|
| 908 | _a070516 | ||
| 950 | _@1 | ||
| 999 |
_c2289 _d2289 |
||